The wooden dolls & the census = ලී බෝනික්කෝ සහ සංගණනය (Record no. 3323)

MARC details
000 -LEADER
fixed length control field 00698nam a2200229 4500
003 - CONTROL NUMBER IDENTIFIER
control field LK-CoMWRAF
005 - DATE AND TIME OF LATEST TRANSACTION
control field 20231115114313.0
008 - FIXED-LENGTH DATA ELEMENTS--GENERAL INFORMATION
fixed length control field 230831b2001 |||||||| |||| 00| 0 eng d
020 ## - INTERNATIONAL STANDARD BOOK NUMBER
International Standard Book Number 955800801X
040 ## - CATALOGING SOURCE
Original cataloging agency LK-CoMWRAF
Modifying agency LK-CoMWRAF
Description conventions LK-CoMWRAF
041 ## - LANGUAGE CODE
Language code of text/sound track or separate title English
082 ## - DEWEY DECIMAL CLASSIFICATION NUMBER
Classification number 894.81
Item number KAR
942 ## - ADDED ENTRY ELEMENTS (KOHA)
Koha item type Books
100 ## - MAIN ENTRY--PERSONAL NAME
Personal name Karoor
700 ## - ADDED ENTRY--PERSONAL NAME
Personal name Dharrmasiri, Ajantha
700 ## - ADDED ENTRY--PERSONAL NAME
Personal name Kuruvilla, M.I.
700 ## - ADDED ENTRY--PERSONAL NAME
Personal name Rajadurai, Kavaloor
245 ## - TITLE STATEMENT
Title The wooden dolls & the census = ලී බෝනික්කෝ සහ සංගණනය
260 ## - PUBLICATION, DISTRIBUTION, ETC. (IMPRINT)
Place of publication, distribution, etc. Boralesgamuwa :
Name of publisher, distributor, etc. Asian Film Centre,
Date of publication, distribution, etc. 2001
300 ## - PHYSICAL DESCRIPTION
Extent 65p
650 ## - SUBJECT ADDED ENTRY--TOPICAL TERM
Topical term or geographic name as entry element Malayalam fiction - Motion pictures Short stories - Malayalam
Holdings
Withdrawn status Lost status Damaged status Not for loan Permanent Location Current Location Date acquired Full call number Barcode Koha item type
        Resource center, Muslim Women's Research And Action Forum Resource center, Muslim Women's Research And Action Forum 2023-08-31 894.81 KAR RAF299 Books

Copyright © 2023 Muslim Women's Research and Action Forum (MWRAF), No 27/3, Anderson Road, Kalubowila, Dehiwela. Funded by The Asia Fundation